Rendimiento de los nuevos títulos públicos (Registro nro. 17958)

Detalles MARC
000 -LEADER
fixed length control field 00339 a2200109 4500
001 - CONTROL NUMBER
control field ART_11034
005 - DATE AND TIME OF LATEST TRANSACTION
control field 20260410161732.0
008 - FIXED-LENGTH DATA ELEMENTS--GENERAL INFORMATION
fixed length control field 260409a
100 1# - MAIN ENTRY--PERSONAL NAME
Personal name Chapto, Alejandro Miguel
245 10 - TITLE STATEMENT
Title Rendimiento de los nuevos títulos públicos
773 0# - HOST ITEM ENTRY
Title Ejecutivos de finanzas
Related parts - Año 5, Nº 38 (jun. 1987)
Record control number REV2863

No hay ítems disponibles.